Statistics for Famous People from Montana

Click here to take the quiz!

General Stats

  • This quiz has been taken 269 times
  • The average score is 3 of 5

Answer Stats

ClueHometownAnswer% Correct
Motorcycle daredevil who broke 433 bonesButteEvel Knievel
88%
CNN founder who owns vast bison ranches-Ted Turner
81%
Math genius and mail bomber who lived in cabin-Ted Kaczynski
72%
He won Best Actor Oscars for "Sergeant York" and "High Noon"HelenaGary Cooper
41%
Frontierswoman, fighter, and friend of Wild Billl Hickok-Calamity Jane
30%

Score Distribution

Percentile by Number Answered

Percent of People with Each Score

Your Score History

You have not taken this quiz